000 00761nam a22002177a 4500
999 _c14963
_d14963
003 MIRAKIL
005 20220825143410.0
008 220825b tu ||||| |||| 00| 0 tur d
020 _a9786254051463
040 _aTR-AnCHP
_cTR-AnCHP
041 _atur
082 _a891.73
_bT64a 2020
100 1 _aTolstoy, Lev
245 1 0 _aSavaş ve barış /
_cLev Tolstoy ; Rusça aslından çeviren: Ayşe Hacıhasanoğlu
260 _aİstanbul :
_bTürkiye İş Bankası Kültür Yayınları,
_c2020.
300 _a112 s.:
_c21 sm.
490 0 _aTürkiye İş Bankası Kültür Yayınları ;
_aHasan Âli Yücel klasikler dizisi ;
_vgenel yayın: 4972.
650 0 _95112
_aRus Edebiyatı
_xRoman
700 1 _91470
_aHacıhasanoğlu, Ayşe
_eçev.
942 _2ddc
_cBKS